| 000 | 00435ntaaa2200181 4500 | ||
|---|---|---|---|
| 003 | 01 | ||
| 005 | 20251027202335.0 | ||
| 008 | 0714s1973 ag 01 | ||
| 040 |
_aAR-BaBN _bspa _cAR-BaBN _eaacr _dRIC |
||
| 082 | _a296.0000 H44 | ||
| 100 |
_aHertzberg, Arthur _922008 |
||
| 245 | _aJudaismo | ||
| 250 | _a1 ed. | ||
| 260 |
_aBuenos Aires : _bPlaza y Janes, _cc1963 |
||
| 300 | _a227 p | ||
| 650 |
_aJudios-religion _911026 |
||
| 942 | _cBK | ||
| 999 |
_c18233 _d18233 |
||